书目信息 |
| 题名: |
多轴应力下塑性混凝土力学性能及破坏特征
|
|
| 作者: | 王四巍 著 | |
| 分册: | ||
| 出版信息: | 北京 中国水利水电出版社 2015.09 |
|
| 页数: | 170页 | |
| 开本: | 24cm | |
| 丛书名: | ||
| 单 册: | ||
| 中图分类: | TU528.410 | |
| 科图分类: | ||
| 主题词: | 聚合物混凝土--ju he wu hun ning tu--力学性能--研究 | |
| 电子资源: | ||
| ISBN: | 978-7-5170-3688-3 | |
| 000 | 01172nam0 2200265 450 | |
| 001 | 0100195342 | |
| 005 | 20201118161512.12 | |
| 010 | @a978-7-5170-3688-3@dCNY30.00 | |
| 100 | @a20151111d2015 em y0chiy50 ea | |
| 101 | 0 | @achi |
| 102 | @aCN@b110000 | |
| 105 | @aak a 000yy | |
| 106 | @ar | |
| 200 | 1 | @a多轴应力下塑性混凝土力学性能及破坏特征@Aduo zhou ying li xia su xing hun ning tu li xue xing neng ji po huai te zheng@f王四巍著@Fwang si wei zhu |
| 210 | @a北京@c中国水利水电出版社@d2015.09 | |
| 215 | @a170页@c图@d24cm | |
| 320 | @a有书目 | |
| 330 | @a本书通过单轴压缩、常规三轴、侧压恒定、侧向位移近似恒定、侧向位移恒定的三轴试验, 研究了塑性混凝土强度和变形特征, 推荐了塑性混凝土配合比中各组分的用量、塑性混凝土室内测试弹性模量和渗透系数的方法和计算公式, 拟合了其单轴压缩和常规三轴压缩条件下的本构关系, 建立了复杂应力下的强度准则, 论述了塑性混凝土变形特征与侧限条件的关系。 | |
| 540 | @a多轴应力下塑性混凝土力学性能及破坏特征 | |
| 606 | 0 | @a聚合物混凝土@Aju he wu hun ning tu@x力学性能@x研究 |
| 690 | @aTU528.410@v5 | |
| 701 | 0 | @a王四巍@Awang si wei@4著 |
| 801 | @aCN | |
| 901 | @a21 | |
| 905 | @a河南城建学院图书馆@b1294418-20@dTU528.410@eW357@f3 | |
| 多轴应力下塑性混凝土力学性能及破坏特征/王四巍著.-北京:中国水利水电出版社,2015.09 |
| 170页:图;24cm |
| ISBN 978-7-5170-3688-3:CNY30.00 |
| 本书通过单轴压缩、常规三轴、侧压恒定、侧向位移近似恒定、侧向位移恒定的三轴试验, 研究了塑性混凝土强度和变形特征, 推荐了塑性混凝土配合比中各组分的用量、塑性混凝土室内测试弹性模量和渗透系数的方法和计算公式, 拟合了其单轴压缩和常规三轴压缩条件下的本构关系, 建立了复杂应力下的强度准则, 论述了塑性混凝土变形特征与侧限条件的关系。 |
| ● |
| 相关链接 |
|
|
|
正题名:多轴应力下塑性混凝土力学性能及破坏特征
索取号:TU528.410/W357
 
预约/预借
| 序号 | 登录号 | 条形码 | 馆藏地/架位号 | 状态 | 备注 |
| 1 | 1294418 | 212944185 | 建筑库201/201建筑库 8排3列2层/ [索取号:TU528.410/W357] | 在馆 | |
| 2 | 1294419 | 212944192 | 建筑库201/201建筑库 8排3列2层/ [索取号:TU528.410/W357] | 在馆 | |
| 3 | 1294420 | 212944208 | 建筑库201/201建筑库 8排3列2层/ [索取号:TU528.410/W357] | 在馆 |